000 00312 a2200157 4500
001 163964
020 _a
040 _cMagnum
100 _aColasanti, Marina
240 1 0 _aA mao na massa
_lpor
245 1 0 _aA mao na massa
362 0 _a1899
440 1 _aSalamandra
697 _aIJ/ROMANCE
942 _cBK
999 _c163964
_d163964